<?xml version="1.0" encoding="UTF-8"?>
<record
    xmlns:xsi="http://www.w3.org/2001/XMLSchema-instance"
    xsi:schemaLocation="http://www.loc.gov/MARC21/slim http://www.loc.gov/standards/marcxml/schema/MARC21slim.xsd"
    xmlns="http://www.loc.gov/MARC21/slim">

  <leader>01089nam a2200217Ia 4500</leader>
  <controlfield tag="001">IA_2.97 &#xB1; 0.21 ???? ???????? ?1 , respectively) which could be related to the high phenolic content and anthocyanin. In conclusion, the fruits of Parathesis donnell-smithii Mez. They have a high nutraceutical value, because is related to their contents bioactive compounds.</controlfield>
  <controlfield tag="002">EVALUACION DE LA CAPACIDAD ANTIOXIDANTE Y CONTENID</controlfield>
  <controlfield tag="008">220117s    xx            000 0 und d</controlfield>
  <datafield tag="010" ind1=" " ind2=" ">
    <subfield code="a">187795</subfield>
  </datafield>
  <datafield tag="530" ind1=" " ind2=" ">
    <subfield code="a">Disponible en PDF</subfield>
  </datafield>
  <datafield tag="583" ind1=" " ind2=" ">
    <subfield code="a">1 ej. Impreso ; 1 ej. CD</subfield>
  </datafield>
  <datafield tag="650" ind1=" " ind2="0">
    <subfield code="a">Parathesis donnell smithii Mez</subfield>
    <subfield code="9">163798</subfield>
  </datafield>
  <datafield tag="650" ind1=" " ind2=" ">
    <subfield code="a">Parathesis donnell smithii Mez</subfield>
    <subfield code="x">Antioxidant activity  </subfield>
    <subfield code="9">163379</subfield>
  </datafield>
  <datafield tag="650" ind1=" " ind2=" ">
    <subfield code="a">Parathesis donnell smithii Mez</subfield>
    <subfield code="x">Compuestos fen&#xF3;licos  </subfield>
    <subfield code="9">163380</subfield>
  </datafield>
  <datafield tag="650" ind1=" " ind2=" ">
    <subfield code="a">Parathesis donnell smithii Mez</subfield>
    <subfield code="x">Phenolic compounds</subfield>
    <subfield code="9">163381</subfield>
  </datafield>
  <datafield tag="700" ind1=" " ind2=" ">
    <subfield code="a">Espinosa Solares, Teodoro, asesor</subfield>
    <subfield code="9">163799</subfield>
  </datafield>
  <datafield tag="700" ind1=" " ind2=" ">
    <subfield code="a">Guerra Ram&#xED;rez, Diana, dir. </subfield>
    <subfield code="9">157142</subfield>
  </datafield>
  <datafield tag="700" ind1=" " ind2=" ">
    <subfield code="a">Rivera Salvador, Victor, asesor </subfield>
    <subfield code="9">163800</subfield>
  </datafield>
  <datafield tag="942" ind1=" " ind2=" ">
    <subfield code="c">TESIS G37 2018</subfield>
  </datafield>
  <datafield tag="999" ind1=" " ind2=" ">
    <subfield code="c">187795</subfield>
    <subfield code="d">187795</subfield>
  </datafield>
</record>
